000 01066nam a2200301 i 4500
001 bg
100 1 _aDönhoff, Marion
_d(1909-2002).
245 1 0 _aUcywilizujmy kapitalizm :
_bgranice wolności /
_cMarion Gräfin Dönhoff ; przeł. Stefa i Andrzej Boguccy ; Polskie Towarzystwo Ekonomiczne.
246 _iTyt. oryg.:
_aZivilisiert den Kapitalismus : Grenzen der Freiheit
260 _aWarszawa :
_bDom Wydawniczy "Bellona",
_c2000.
300 _a126, [1] s. ;
_c24 cm.
490 1 _aEkonomia i Świat Współczesny
500 _aTyt. oryg.: "Zivilisiert den Kapitalismus : Grenzen der Freiheit".
650 9 _aEtyka społeczna
651 9 _aNiemcy
_xgospodarka
_y20 w.
651 9 _aNiemcy
_xustrój
655 _aSzkice literackie
700 1 _aBOGUCKA, Stefa.
_eTł.
700 1 _aBOGUCKI, Andrzej.
_eTł.
830 _aEkonomia i Świat Współczesny
020 _a8311091374
040 _cBPK
041 1 _apol
_hger
080 _a321:338.22](430)"19":172
920 _a83-1109137-4
942 _cKS
008 s pl f |000 0 pol
999 _c53688
_d53688
856 _uhttp://koha.tu.koszalin.pl/cgi-bin/koha/opac-detail.pl?biblionumber=53688
_yKatalog online BPK